[Event "HEM 2013 B Turnier"]
[Site "Korbach"]
[Date "2013.03.28"]
[Round "2.27"]
[White "Heidenreich, Gundolf"]
[Black "Ehmann, Johanna"]
[Result "1-0"]
[WhiteElo "1429"]
[BlackElo "1096"]
[PlyCount "101"]
[EventDate "2013.??.??"]
[WhiteTeam "SK 1950 Vellmar"]
[BlackTeam "SF Sasbach e.V."]

1. d4 d5 2. c4 e6 3. Nc3 c5 4. cxd5 cxd4 5. Qxd4 Nc6 6. Qe3 Nb4 7. Qd2 Nxd5 8.
Nxd5 Qxd5 9. Qxd5 exd5 10. e3 Nf6 11. f3 Bb4+ 12. Bd2 Bxd2+ 13. Kxd2 O-O 14.
Bd3 Be6 15. Ne2 Rfe8 16. Nd4 Bd7 17. Rac1 Rac8 18. Rxc8 Rxc8 19. Rc1 Rxc1 20.
Kxc1 Kf8 21. Kd2 b6 22. Kc3 Ke8 23. Bb5 Bxb5 24. Nxb5 a5 25. Kd4 Kd7 26. g4 Ke6
27. Nc3 h6 28. h3 g6 29. f4 g5 30. Nb5 gxf4 31. exf4 Kd7 32. Nc3 Kd6 33. g5
hxg5 34. fxg5 Ne4 35. Nxe4+ dxe4 36. Kxe4 Ke6 37. h4 Ke7 38. Ke5 Kf8 39. Kf6
Kg8 40. a4 Kf8 41. h5 Kg8 42. g6 fxg6 43. hxg6 Kf8 44. g7+ Kg8 45. b3 b5 46.
axb5 a4 47. bxa4 Kh7 48. Kf7 Kh6 49. g8=Q Kh5 50. Qg3 Kh6 51. Qg6# 1-0

[Event "HEM 2013 B Turnier"]
[Site "Korbach"]
[Date "2013.03.28"]
[Round "2.28"]
[White "Huelsmann, Florian"]
[Black "Krug, Franz-Dieter"]
[Result "1-0"]
[WhiteElo "944"]
[BlackElo "1571"]
[PlyCount "69"]
[EventDate "2013.??.??"]
[WhiteTeam "Sfr. Korbach"]
[BlackTeam "SVigung 1928 Alsdorf e"]

1. e4 e5 2. Nf3 Nc6 3. Bc4 h6 4. d4 exd4 5. Nxd4 Ne5 6. Nd2 Nxc4 7. Nxc4 d6 8.
O-O Be7 9. e5 d5 10. Nd2 c5 11. Nb5 a6 12. Nc3 d4 13. Nce4 Qd5 14. f4 Bf5 15.
Re1 O-O-O 16. g4 Bd7 17. f5 Bh4 18. Nd6+ Kb8 19. Re2 Bc6 20. N6e4 d3 21. cxd3
Qxd3 22. Nd6 Qf3 23. Nxf3 Bxf3 24. Qb3 Rxd6 25. exd6 Bxe2 26. Qxf7 Bf6 27. Qe8+
Ka7 28. Qxe2 Bd4+ 29. Be3 Bxe3+ 30. Qxe3 Nf6 31. Qxc5+ Ka8 32. Qd4 Rd8 33. Qb6
Rd7 34. Rc1 Kb8 35. Rc7 1-0

[Event "HEM 2013 B Turnier"]
[Site "Korbach"]
[Date "2013.03.28"]
[Round "2.29"]
[White "Engel, Markus"]
[Black "Wolff, Beate"]
[Result "1-0"]
[WhiteElo "1415"]
[BlackElo "905"]
[PlyCount "131"]
[EventDate "2013.??.??"]
[WhiteTeam "Kasseler SK 1876"]
[BlackTeam "VSG 1880 Offenbach"]

1. d4 c6 2. e4 d5 3. e5 Bf5 4. Bd3 Bxd3 5. Qxd3 e6 6. f4 Qa5+ 7. Bd2 Bb4 8. c3
Be7 9. Nf3 Nh6 10. O-O O-O 11. Ng5 Nf5 12. g4 h6 13. Nf3 Nh4 14. Nxh4 Bxh4 15.
g5 h5 16. Qh3 g6 17. Qxh4 Nd7 18. a4 c5 19. b4 Qc7 20. bxc5 b6 21. cxb6 Nxb6
22. Na3 a6 23. a5 Nc4 24. Nxc4 Qxc4 25. Rfb1 Rab8 26. Qe1 Rb3 27. Rxb3 Qxb3 28.
Rb1 Qa4 29. c4 Qxc4 30. Rb4 Qd3 31. Qe3 Qxe3+ 32. Bxe3 Rc8 33. Rb6 Ra8 34. Bd2
Kg7 35. Bb4 Rc8 36. Bc5 Ra8 37. Rb7 h4 38. h3 Rc8 39. Kf2 Rh8 40. Ra7 Rb8 41.
Bb6 Rc8 42. Bc7 Kg8 43. Rb7 Kg7 44. Ke3 Kg8 45. Rb8 Rxb8 46. Bxb8 Kf8 47. Kd3
Ke7 48. Kc3 Kd7 49. Kb4 Kc6 50. Ka4 Kb7 51. Bd6 Kc6 52. Bb4 Kb7 53. Be1 Kc6 54.
Kb4 Kb7 55. Kc5 Kc7 56. Bxh4 Kb7 57. Kd6 Kc8 58. Ke7 Kc7 59. Kxf7 Kc6 60. Kxe6
Kb5 61. Kxd5 Kxa5 62. e6 Kb5 63. Be1 Kb6 64. e7 Kb7 65. e8=Q Kb6 66. Qb8# 1-0

[Event "HEM 2013 B Turnier"]
[Site "Korbach"]
[Date "2013.03.28"]
[Round "2.30"]
[White "Mohammadi, Sholeh"]
[Black "Pleyer, Christian"]
[Result "0-1"]
[WhiteElo "1055"]
[BlackElo "1486"]
[PlyCount "60"]
[EventDate "2013.??.??"]
[WhiteTeam "SK Marburg 1931/72"]
[BlackTeam "SC Langenbieber"]

1. d4 d5 2. Nc3 Nf6 3. Bg5 Nbd7 4. Bxf6 Nxf6 5. h3 g6 6. Qd3 c6 7. e4 dxe4 8.
Nxe4 Bg7 9. Nf3 Qb6 10. Nxf6+ Bxf6 11. Qc3 Bf5 12. Bd3 Bxd3 13. cxd3 Rd8 14.
Ne5 O-O 15. O-O Rxd4 16. Nc4 Qc7 17. Qa3 b5 18. Nd2 Rfd8 19. Ne4 Rxd3 20. Nxf6+
exf6 21. Qb4 R8d4 22. Qe1 Qe5 23. Qc1 Rc4 24. Qb1 Rd2 25. b3 Rcc2 26. Re1 Qc5
27. Re8+ Kg7 28. Qe1 Rxf2 29. Re3 Rxg2+ 30. Kf1 Qf5+ 0-1

[Event "HEM 2013 B Turnier"]
[Site "Korbach"]
[Date "2013.03.28"]
[Round "2.31"]
[White "Hildebrand, Georg"]
[Black "Tschoepe, Nino"]
[Result "0-1"]
[WhiteElo "1225"]
[BlackElo "1718"]
[PlyCount "154"]
[EventDate "2013.??.??"]
[WhiteTeam "SK Marburg 1931/72"]
[BlackTeam "SC Marsberg e.V."]

1. c4 g6 2. Nc3 Nf6 3. d3 Bg7 4. Bd2 O-O 5. Rb1 d6 6. g3 e5 7. Bg2 h6 8. h3 Kh7
9. e4 Be6 10. Nge2 Nbd7 11. b4 Nh5 12. Be3 f5 13. Qd2 f4 14. gxf4 exf4 15. Bxf4
Nxf4 16. Nxf4 Bxc3 17. Qxc3 Rxf4 18. Rb2 Qg5 19. f3 Raf8 20. Qd2 Ne5 21. Rf1
Qg3+ 22. Kd1 Bxh3 23. Rf2 Bxg2 24. Rxg2 Qxf3+ 25. Kc2 Nxd3 26. Rb1 Qxe4 27. Kb3
Qxc4+ 28. Ka3 Qa6+ 29. Kb3 Rxb4+ 30. Qxb4 Nxb4 31. Rc1 Rf3+ 32. Rc3 Rxc3+ 33.
Kxc3 Qc6+ 34. Kxb4 Qxg2 35. a4 Qe4+ 36. Kb3 Qxa4+ 37. Kxa4 h5 38. Kb3 h4 39.
Kc2 h3 40. Kd2 h2 41. Ke2 h1=B 42. Kf2 a5 43. Kg1 a4 44. Kxh1 a3 45. Kg2 a2 46.
Kf2 a1=B 47. Ke2 g5 48. Kd2 g4 49. Ke2 Kh8 50. Kf2 b5 51. Kg3 b4 52. Kxg4 b3
53. Kf3 b2 54. Ke2 b1=B 55. Kd2 d5 56. Kc1 Kg7 57. Kxb1 Kf6 58. Kxa1 Ke5 59.
Kb2 Ke4 60. Kc3 c5 61. Kd2 c4 62. Kc3 Ke3 63. Kc2 c3 64. Kxc3 d4+ 65. Kc2 Ke2
66. Kc1 d3 67. Kb2 d2 68. Kc2 d1=R 69. Kc3 Rd3+ 70. Kc2 Ke3 71. Kb2 Kd4 72. Kc2
Kc4 73. Kb2 Rd2+ 74. Kc1 Kc3 75. Kb1 Kb3 76. Kc1 Rd8 77. Kb1 Rd1# 0-1